000 00681nam a2200217 a 4500
001 BRL_618
005 20190320210826.0
008 100913s1943----ag-a######---#000-0dspa-#
041 _aspa
044 _aag
050 4 _aML196
_b.M38 1943
100 1 _aMauclair, Camilo
_924444
245 1 0 _aHistoria de la Música Moderna, 1850-1914
_bLos hombres - Las ideas - Las obras
_cCamilo Mauclair ; Versión española de José M. Borrás
260 _aBuenos Aires
_bEditorial Schapire
_c1943
300 _a263
_bil.
_c20 p.
500 _aAu709
650 1 4 _aMúsica
_xHistoria y crítica
_ySiglo XIX
_924445
700 1 _aM. Borrás, José
_etr.
_924446
902 _aGRL
942 _2lcc
_cB
999 _c9430
_d9430